The African Union :legal and institutional framework : (Record no. 11738)
[ view plain ]
| 000 -LEADER | |
|---|---|
| fixed length control field | 00887nam a22002412 4500 |
| 001 - CONTROL NUMBER | |
| control field | 0000025478 |
| 005 - DATE AND TIME OF LATEST TRANSACTION | |
| control field | 20151217154549.0 |
| 008 - FIXED-LENGTH DATA ELEMENTS--GENERAL INFORMATION | |
| fixed length control field | 151001s xx 000 0 eng d |
| 020 ## - INTERNATIONAL STANDARD BOOK NUMBER | |
| International Standard Book Number | 9004221000 : |
| 040 ## - CATALOGING SOURCE | |
| Original cataloging agency | KABU |
| Transcribing agency | KABU |
| 245 14 - TITLE STATEMENT | |
| Title | The African Union :legal and institutional framework : |
| Remainder of title | a manual on the Pan-African Organization / |
| Statement of responsibility, etc. | edited by Abdulqawi A. Yususf and Fatsah Ouguergouz. |
| 260 ## - PUBLICATION, DISTRIBUTION, ETC. (IMPRINT) | |
| Place of publication, distribution, etc. | Leiden, Boston : |
| Name of publisher, distributor, etc. | Martinus Nijhoff publishers, |
| Date of publication, distribution, etc. | 2012. |
| 300 ## - PHYSICAL DESCRIPTION | |
| Extent | xvi, 576 p. |
| 650 #0 - SUBJECT ADDED ENTRY--TOPICAL TERM | |
| Topical term or geographic name as entry element | African Union. |
| -- | 0000186131 |
| 650 #0 - SUBJECT ADDED ENTRY--TOPICAL TERM | |
| Topical term or geographic name as entry element | Africa |
| General subdivision | Politics and government |
| Chronological subdivision | 1960-. |
| -- | 0000180034 |
| 650 #0 - SUBJECT ADDED ENTRY--TOPICAL TERM | |
| Topical term or geographic name as entry element | African cooperation. |
| -- | 0000158346 |
| 650 #0 - SUBJECT ADDED ENTRY--TOPICAL TERM | |
| Topical term or geographic name as entry element | Pan-Africanism. |
| -- | 0000130547 |
| 700 1# - ADDED ENTRY--PERSONAL NAME | |
| Personal name | Yusuf, Abdulqawi. |
| -- | 0000186132 |
| 700 1# - ADDED ENTRY--PERSONAL NAME | |
| Personal name | Ouguergouz. |
| -- | 0000186133 |
| 852 1# - LOCATION | |
| -- | p32500 KES |
| 908 ## - PUT COMMAND PARAMETER (RLIN) | |
| Put command parameter | 151001 |
| 950 ## - LOCAL HOLDINGS (RLIN) | |
| -- | 1 |
| Withdrawn status | Lost status | Source of classification or shelving scheme | Not for loan | Home library | Current library | Date acquired | Total Checkouts | Full call number | Barcode | Date last seen | Date last checked out | Price effective from | Koha item type | Cost, normal purchase price | Total Renewals | Checked out |
|---|---|---|---|---|---|---|---|---|---|---|---|---|---|---|---|---|
| Library of Congress Classification | Kabarak, Main Campus | Kabarak, Main Campus | 17/12/2015 | 2 | KQE721 .A37 2012 c. 1 | 020597 | 01/12/2025 | 17/11/2025 | 17/12/2015 | General Collection | ||||||
| Library of Congress Classification | Kabarak, Main Campus | Kabarak, Main Campus | 17/12/2015 | 3 | KQE721 .A37 2012 c. 2 | 028252 | 04/12/2025 | 30/10/2025 | 17/12/2015 | General Collection | 23531.00 | 1 | ||||
| Library of Congress Classification | Kabarak, Main Campus | Kabarak, Main Campus | 17/12/2015 | 6 | KQE721 .A37 2012 c. 3 | 028253 | 13/01/2026 | 13/01/2026 | 17/12/2015 | General Collection | 23531.00 | 1 | 14/02/2026 |